00697nam a22001817a 4500003000900000005001700009008004100026040001300067100002700080245004800107260002000155300001900175520009200194942001200286999001700298952010000315952010000415IT-RoPau20220918181108.0130612b xxu||||| |||| 00| 0 eng d cIT-RoPau aTodaro, Francesco9682 aLa vocazionebOre di adorazione e catechesi aRomabSSPc1993 a126 pp.c24 cm aIndice Sigle dei documenti citati Presentazione Prefazione Ore di Adorazione Catechesi 2ddccBK c98735d98735 00102ddc406P_D271aPAULUSbPAULUSd2013-06-12l0oP D2r2013-06-12 00:00:00w2013-06-12yBK 00102ddc406P_D271aPAULUSbPAULUSd2013-06-12l0oP D2r2013-06-12 00:00:00w2013-06-12yBK